| 000 | 00685nam a2200217 i 4500 | ||
|---|---|---|---|
| 001 | 133499 | ||
| 003 | ES-MaACL | ||
| 005 | 20230906194428.0 | ||
| 007 | t| | ||
| 008 | 070816s1966 sp ||||1| spa d | ||
| 100 | 1 |
_aWolf, Walter. _9117239 |
|
| 245 | 1 | 3 |
_aEl mundo de los egipcios / _cWalter Wolf ; [la tradujo, Vicente Romano García]. |
| 260 |
_a[Madrid] : _bEd. Castilla, _c1966. |
||
| 300 |
_a278 p. : _bil. ; _c27 cm. |
||
| 490 | 1 | _aLas culturas del mundo antiguo | |
| 651 | 4 |
_aEgipto- _xCivilización. _98138 |
|
| 700 | 1 |
_aRomano, Vicente. _999259 |
|
| 830 | 0 |
_aLas culturas del mundo antiguo _9186931 |
|
| 852 |
_aES-MaACL _jC-33418 _bR.63958 |
||
| 999 |
_c133499 _d133499 |
||